Frontiers of Soviet democracy : a report on Boris Yeltsin's address at the Institute for Soviet and East European Studies, September 17,1989 /

Saved in:
Bibliographic Details
Main Author: Yeltsin, Boris Nikolayevich, 1931-2007.
Format: Book
Language:English
Published: Coral Gables, FL : University of Miami, North-South Center Publications, c1988.
Series:Occasional paper (University of Miami. Institute for Soviet and East European Studies) ; v. 3, no. 3.
Subjects:
Tags: Add Tag
No Tags, Be the first to tag this record!
LEADER 00970cam a2200217Ia 4500
001 004639357-9
005 20020606095253.2
008 920526s1988 fluac 000 0 eng
010 |a  92165101  
035 0 |a ocm26015041 
040 |a DLC  |c DLC  |d PIT  |d HLS 
090 |a DK288  |b .Y45 1988 
100 1 |a Yeltsin, Boris Nikolayevich,  |d 1931-2007. 
245 1 0 |a Frontiers of Soviet democracy :  |b a report on Boris Yeltsin's address at the Institute for Soviet and East European Studies, September 17,1989 /  |c Boris Yeltsin. 
260 |a Coral Gables, FL :  |b University of Miami, North-South Center Publications,  |c c1988. 
300 |a 24 p. :  |b ill., ports ;  |c 28 cm. 
490 1 |a Occasional papers series / Institute for Soviet and East European Studies ;  |v v. 3, no. 3 
651 0 |a Soviet Union  |x Politics and government  |y 1985-1991. 
830 0 |a Occasional paper (University of Miami. Institute for Soviet and East European Studies) ;  |v v. 3, no. 3. 
988 |a 20020608 
906 |0 DLC